| 000 | 00444nam a22001817a 4500 | ||
|---|---|---|---|
| 003 | OSt | ||
| 005 | 20180116183056.0 | ||
| 008 | 160908b xxu||||| |||| 00| 0 eng d | ||
| 020 | _a0 | ||
| 040 | _c0 | ||
| 082 | _a297.7 MOD 1983 | ||
| 100 | _aAbu ul Mododi | ||
| 245 |
_aAl Jahad Fil Islam _cAbu ul Mododi |
||
| 260 |
_aLahore _bIdara Tarjam ul Quran _c1983 |
||
| 300 |
_a600 p. _bPB |
||
| 440 | _aAl Jahad Fil Islam | ||
| 942 |
_2ddc _cBK |
||
| 999 |
_c351812 _d351812 |
||